000 00409nam a2200157Ia 4500
003 OSt
005 20230602113155.0
008 211028s2012 xx 000 0 und d
040 _cAIMIT LIBRARY
041 _aeng
100 _aDias, Colin Francis; Pilar, Bharathi.
_98404
_e101941
110 _aBharathi Pilar
_98405
245 _aCampus management system.
260 _aMangalore
_c2012
942 _2ddc
_cPRO
999 _c219871
_d219871